| 000 | 00943nac a22002657a 4500 | ||
|---|---|---|---|
| 001 | BR8501997 | ||
| 003 | BR-BrBNA | ||
| 005 | 20240105120307.0 | ||
| 008 | 230509b bl.|||m| |||| 00| 0 por d | ||
| 040 |
_aBR-BrBNA _bpor _cBiblioteca Nacional de Agricultura |
||
| 072 | _aF62 | ||
| 090 | _a0316 BR8501997 | ||
| 100 | 1 | _aFrazao, J.M.F. | |
| 100 | 1 | _aPinheiro, C.U.B. | |
| 110 | 1 | _aUnidade de Execucao de Pesquisa de Ambito Estadual de Teresina, PI (Brasil) | |
| 245 | 1 | _aMetodos para acelerar e uniformizar a germinacao de sementes de palmeiras do complexo Babacu (Palmae cocosoideae) | |
| 260 | 3 |
_aTeresina, PI (Brasil): _c1985. |
|
| 300 | _a2 p. | ||
| 490 |
_aPesquisa em Andamento - Unidade de Execucao de Pesquisa de Ambito Estadual de Teresina (Brazil) _vno. 38 _xISSN 0101-9155 |
||
| 650 | _aBABACU | ||
| 650 | _aSEMENTE | ||
| 650 | _aGERMINACAO | ||
| 909 |
_a202312 _bLúcia Elande _c55 _dLúcia Elande |
||
| 942 |
_2AGRIS _n0 _cMS |
||
| 999 |
_c278713 _d278713 |
||